Nelson : (Registro nro. 57521)
[ vista simple ]
| 000 -LEADER | |
|---|---|
| fixed length control field | 01583cam a2200385 i 4500 |
| 001 - CONTROL NUMBER | |
| control field | 57521 |
| 003 - CONTROL NUMBER IDENTIFIER | |
| control field | Mx-PuUPA |
| 005 - DATE AND TIME OF LATEST TRANSACTION | |
| control field | 20241114115748.0 |
| 008 - FIXED-LENGTH DATA ELEMENTS--GENERAL INFORMATION | |
| fixed length control field | 140415s2009 sp a fr 000 0 spa d |
| 017 ## - COPYRIGHT OR LEGAL DEPOSIT NUMBER | |
| Copyright or legal deposit number | M. 7.416-2011 |
| 020 ## - INTERNATIONAL STANDARD BOOK NUMBER | |
| International Standard Book Number | 9788480863643 |
| Qualifying information | (obra completa) |
| 020 ## - INTERNATIONAL STANDARD BOOK NUMBER | |
| International Standard Book Number | 9788480864183 |
| Qualifying information | v.1 |
| 020 ## - INTERNATIONAL STANDARD BOOK NUMBER | |
| International Standard Book Number | 9788480864190 |
| Qualifying information | v.2 |
| 040 ## - CATALOGING SOURCE | |
| Description conventions | rda |
| Original cataloging agency | Mx-PuUPA |
| Language of cataloging | spa |
| Transcribing agency | Mx-PuUPA |
| Modifying agency | Mx-PuUPA |
| 041 1# - LANGUAGE CODE | |
| Language code of text/sound track or separate title | spa |
| Language code of original | eng |
| 240 10 - UNIFORM TITLE | |
| Uniform title | Nelson textbook of pediatrics. |
| Language of a work | Español |
| 245 10 - TITLE STATEMENT | |
| Title | Nelson : |
| Remainder of title | tratado de pediatría / |
| Statement of responsibility, etc. | Robert M. Kliegman, Richard E. Behrman, Hal B. Jenson, Bonita F. Stanton. |
| 250 ## - EDITION STATEMENT | |
| Edition statement | Edición española |
| 264 #1 - PRODUCTION, PUBLICATION, DISTRIBUTION, MANUFACTURE, AND COPYRIGHT NOTICE | |
| Place of production, publication, distribution, manufacture | Barcelona, España : |
| Name of producer, publisher, distributor, manufacturer | Elsevier España, |
| Date of production, publication, distribution, manufacture, or copyright notice | ©2009 |
| 300 ## - PHYSICAL DESCRIPTION | |
| Extent | 2 volúmenes (paginación varía) : |
| Other physical details | ilustraciones, tablas (principalmente a color) ; |
| Dimensions | 29 cm |
| 336 ## - CONTENT TYPE | |
| Content type term | texto |
| Fuente | rdacontent |
| Content type code | txt |
| 336 ## - CONTENT TYPE | |
| Content type term | imagen fija |
| Fuente | rdacontent |
| Content type code | sti |
| 337 ## - MEDIA TYPE | |
| Media type term | sin medio |
| Source | rdamedia |
| Media type code | n |
| 338 ## - CARRIER TYPE | |
| Carrier type term | volumen |
| Source | rdacarrier |
| Carrier type code | nc |
| 505 ## - FORMATTED CONTENTS NOTE | |
| Miscellaneous information | v.1. |
| Title | Parte I. El campo de la pediatría - Parte XVI: Enfermedades infecciosas. - |
| Miscellaneous information | v.2. |
| Title | Parte XVII: El sistema digestivo - Parte XXXIII: Pruebas de laboratorio. |
| 650 #7 - SUBJECT ADDED ENTRY--TOPICAL TERM | |
| Source of heading or term | armarc |
| Topical term or geographic name entry element | Pediatría |
| 700 1# - ADDED ENTRY--PERSONAL NAME | |
| Personal name | Kliegman, Robert, |
| Relator term | autor |
| 9 (RLIN) | 7490 |
| 700 1# - ADDED ENTRY--PERSONAL NAME | |
| Personal name | Behrman, Richard E., |
| Relator term | autor |
| 700 1# - ADDED ENTRY--PERSONAL NAME | |
| Personal name | Jenson, Hal B., |
| Relator term | autor |
| 700 1# - ADDED ENTRY--PERSONAL NAME | |
| Personal name | Stanton, Bonita F., |
| Relator term | autor |
| 765 0# - ORIGINAL LANGUAGE ENTRY | |
| Main entry heading | Kliegman, Robert, |
| Place, publisher, and date of publication | [Barcelona?] : Elsevier Imprint, ©2007 |
| Title | Nelson textbook of pediatrics. |
| International Standard Book Number | 9781416024507 |
| 942 ## - ADDED ENTRY ELEMENTS (KOHA) | |
| Source of classification or shelving scheme | Dewey Decimal Classification |
| Koha item type | Libro |
| Classification part | 618.92 |
| Item part | N45 |
| Withdrawn status | Lost status | Source of classification or shelving scheme | Damaged status | Not for loan | Collection code | Home library | Current library | Shelving location | Date acquired | Source of acquisition | Serial Enumeration / chronology | Total Checkouts | Full call number | Barcode | Date last seen | Date last checked out | Copy number | Price effective from | Koha item type | Total Renewals |
|---|---|---|---|---|---|---|---|---|---|---|---|---|---|---|---|---|---|---|---|---|
| Dewey Decimal Classification | General | Biblioteca Karol Wojtyla | Biblioteca Karol Wojtyla | Sala general | 03/12/2013 | Compra | v.1 | 618.92 KLI 2009 | 88636 | 05/01/2026 | 22/01/2015 | Ej.4 | 15/01/2015 | Reserva permanente | ||||||
| Dewey Decimal Classification | General | Biblioteca Karol Wojtyla | Biblioteca Karol Wojtyla | Sala general | 21/04/2017 | Compra | 2 | 618.92 KLI 2009 | 86968 | 05/01/2026 | 12/10/2024 | 21/04/2017 | Reserva permanente | |||||||
| Dewey Decimal Classification | General | Biblioteca Karol Wojtyla | Biblioteca Karol Wojtyla | Sala general | 21/04/2017 | Compra | 3 | 618.92 KLI 2009 | 86966 | 05/01/2026 | 09/09/2024 | 21/04/2017 | Libro | 1 | ||||||
| Dewey Decimal Classification | General | Biblioteca Karol Wojtyla | Biblioteca Karol Wojtyla | Sala general | 03/12/2013 | Compra | v.1 | 2 | 618.92 KLI 2009 | 88782 | 05/01/2026 | 13/09/2024 | Ej.6 | 17/01/2017 | Libro | 1 | ||||
| Dewey Decimal Classification | General | Biblioteca Karol Wojtyla | Biblioteca Karol Wojtyla | Sala general | 21/04/2017 | Compra | 618.92 KLI 2009 | 88637 | 05/01/2026 | 21/04/2017 | Reserva permanente | |||||||||
| Dewey Decimal Classification | General | Biblioteca Karol Wojtyla | Biblioteca Karol Wojtyla | Sala general | 03/12/2013 | Compra | v.1 | 618.92 KLI 2009 | 88638 | 05/01/2026 | 23/01/2015 | Ej.5 | 15/01/2015 | Reserva permanente | ||||||
| Dewey Decimal Classification | General | Biblioteca Karol Wojtyla | Biblioteca Karol Wojtyla | Sala general | 21/04/2017 | Compra | 618.92 KLI 2009 | 86970 | 05/01/2026 | 21/04/2017 | Reserva permanente | |||||||||
| Dewey Decimal Classification | General | Biblioteca Karol Wojtyla | Biblioteca Karol Wojtyla | Sala general | 21/04/2017 | Compra | 6 | 618.92 KLI 2009 | 86964 | 05/01/2026 | 06/11/2023 | 21/04/2017 | Libro | |||||||
| Dewey Decimal Classification | General | Biblioteca Karol Wojtyla | Biblioteca Karol Wojtyla | Sala general | 21/04/2017 | Compra | v.2 | 6 | 618.92 N45 2009 | 88783 | 05/01/2026 | 18/07/2022 | Ej.6 | 03/10/2017 | Libro | 3 | ||||
| Dewey Decimal Classification | General | Biblioteca Karol Wojtyla | Biblioteca Karol Wojtyla | Sala general | 03/12/2013 | Compra | v.1 | 618.92 KLI 2009 | 86967 | 05/01/2026 | Ej.2 | 15/01/2015 | Reserva permanente | |||||||
| Dewey Decimal Classification | General | Biblioteca Karol Wojtyla | Biblioteca Karol Wojtyla | Sala general | 03/12/2013 | Compra | 7 | 618.92 KLI 2009 | 86963 | 05/01/2026 | 17/01/2023 | 17/01/2017 | Libro | |||||||
| Dewey Decimal Classification | General | Biblioteca Karol Wojtyla | Biblioteca Karol Wojtyla | Sala general | 03/12/2013 | Compra | v.1 | 3 | 618.92 KLI 2009 | 86965 | 05/01/2026 | 06/10/2022 | Ej.1 | 17/01/2017 | Libro | |||||
| Dewey Decimal Classification | General | Biblioteca Karol Wojtyla | Biblioteca Karol Wojtyla | Sala general | 21/04/2017 | Compra | 618.92 KLI 2009 | 88639 | 05/01/2026 | 21/04/2017 | Reserva permanente | |||||||||
| Dewey Decimal Classification | General | Biblioteca Karol Wojtyla | Biblioteca Karol Wojtyla | Sala general | 03/12/2013 | Compra | v.1 | 618.92 KLI 2009 | 86969 | 05/01/2026 | 23/01/2015 | Ej.3 | 15/01/2015 | Reserva permanente |